| 000 | 00535nam a2200181 a 4500 | ||
|---|---|---|---|
| 005 | 20240806064115.0 | ||
| 008 | 991125s1983 mx 000 0 spa u | ||
| 020 | _a9682312590 | ||
| 035 | _aUPN01000012596 | ||
| 049 | _aCG | ||
| 050 | 4 |
_aBF175 _bC82 |
|
| 245 | 0 | 0 |
_aCuatro neurosis en busca de argumento : _bpraxis psicoanalítica / _ccoord. Aniceto Aramoni. |
| 260 |
_aMéxico : _bSiglo XXI, _c1983. |
||
| 300 | _a197 p. | ||
| 650 | 4 |
_aPsicoanálisis _91572 |
|
| 700 | 1 |
_aAramoni, Aniceto, _d1916-2012 _ecoord. _940713 |
|
| 905 | _aLibro | ||
| 999 |
_c12596 _d12596 |
||